| 000 | 01195cab a2200229 4500 | ||
|---|---|---|---|
| 001 | L130116 | ||
| 008 | 050624n2005 000 0 eng u | ||
| 035 | _a(Sirsi) u130116 | ||
| 041 | _aeng | ||
| 100 | _aWebb, Alan | ||
| 245 | _aStandard practice | ||
| 260 | _c2005 | ||
| 490 |
_aProject _v18(1) June 2005, 28(1) |
||
| 520 | _aExamines the production of management standards which are increasing in their numbers and influence. Notes how the Association of Project Management is making sure that it has an input into the committees within the British Standards Institution that decide these standards. This is to ensure that the standards conform to the realities of the work of project managers. Mentions the BS 5750 series of total quality management standards published during the 1980s which was widely seen as a guarantee of quality but attracted widespread criticism for being inappropriate to actual circumstance and for money being spent for no clear business benefit. | ||
| 590 | _aIKA040705 | ||
| 650 | _aBS 5750 | ||
| 650 | _aANSI/EIA-748-1988 | ||
| 650 | _aDODI 7000.2 | ||
| 650 | _aISO 9000 | ||
| 690 | _aMANAGEMENT-QUALITY MANAGEMENT-QUALITY ASSURANCE | ||
| 942 | _n0 | ||
| 999 |
_c75454 _d75454 |
||